Генетическая коллекция шелковицы Станции шелководства (Запись № 13650267)

Подробности
000 -МАРКЕР
контрольное поле 02345nam0a2200385 4500
001 - ИДЕНТИФИКАТОР ЗАПИСИ
контрольное поле RU\NLR\BIBL_A\022725723
005 - ИДЕНТИФИКАТОР ВЕРСИИ
контрольное поле 20260402125503.0
010 ## - МЕЖДУНАРОДНЫЙ СТАНДАРТНЫЙ НОМЕР КНИГИ (ISBN)
Номер (ISBN) 978-5-6053358-0-1
Тираж 500
021 ## - НОМЕР ГОСУДАРСТВЕННОЙ РЕГИСТРАЦИИ
Код страны Российская Федерация
Номер КН-П-25-077402
Номер Листа государственной регистраци КН-П-25-7505
035 ## - ДРУГИЕ СИСТЕМНЫЕ НОМЕРА
Идентификатор записи (NLR Aleph) 022725723
100 ## - ДАННЫЕ ОБЩЕЙ ОБРАБОТКИ
Данные общей обработки 20260211d2024 k y0rusy50 ca
101 0# - ЯЗЫК РЕСУРСА
Язык текста, звукозаписи и т.д. русский
102 ## - СТРАНА ПУБЛИКАЦИИ ИЛИ ПРОИЗВОДСТВА
Страна публикации Российская Федерация
105 ## - ПОЛЕ КОДИРОВАННЫХ ДАННЫХ: ТЕКСТОВЫЕ МАТЕРИАЛЫ, МОНОГРАФИЧЕСКИЕ
Кодированные данные о монографическом текстовом документе a b 000yy
181 #0 - ПОЛЕ КОДИРОВАННЫХ ДАННЫХ: ВИД СОДЕРЖАНИЯ
Код вида содержания (ISBD) i3
Код характеристики содержания (ISBD) axxe
182 #0 - ПОЛЕ КОДИРОВАННЫХ ДАННЫХ: ТИП СРЕДСТВА
Код типа средства (ISBD) n - непосредственное
200 1# - ЗАГЛАВИЕ И СВЕДЕНИЯ ОБ ОТВЕТСТВЕННОСТИ
Основное заглавие Генетическая коллекция шелковицы Станции шелководства
Сведения, относящиеся к заглавию каталог
Первые сведения об ответственности Е. Ф. Лейнвебер, Е. Г. Евлагина, В. Г. Евлагин
Последующие сведения об ответственности Министерство науки и высшего образования Российской Федерации, Научно-исследовательская станция шелководства-филиал Федерального государственного бюджетного научного учреждения "Северо-Кавказский федеральный научный аграрный центр"
203 ## - ВИД СОДЕРЖАНИЯ И ТИП СРЕДСТВА
Вид содержания Текст
Дополнительные сведения об издании визуальный
Тип средства непосредственный
210 ## - ПУБЛИКАЦИЯ, РАСПРОСТРАНЕНИЕ И ДР.
Место издания, распространения и т.д. Ставрополь
Имя издателя, распространителя и т. д. ФГБНУ "Северо-Кавказский ФНАЦ"
-- Ставрополь-Сервис-Школа
Дата издания, распространения и т.д. 2024
215 ## - ФИЗИЧЕСКАЯ ХАРАКТЕРИСТИКА
Специфическое обозначение материала и объем 114 с.
Другие сведения о физической характеристике цв. ил., табл.
Размеры 29
300 ## - ОБЩИЕ ПРИМЕЧАНИЯ
Текст примечания На обороте тит. с. 1-й авт.: Лейнвебер Е. Ф., канд. с.-х. наук
320 ## - ПРИМЕЧАНИЯ О НАЛИЧИИ В ДОКУМЕНТЕ БИБЛИОГРАФИИ / УКАЗАТЕЛЯ
Текст примечания Библиогр.: с. 110-114 (48 назв.)
601 02 - НАИМЕНОВАНИЕ ОРГАНИЗАЦИИ КАК ПРЕДМЕТ
Начальный элемент ввода Северо-Кавказский федеральный научный аграрный центр
Структурное подразделение организации Станция шелководства
Идентифицирующий признак Михайловск, город
Системный номер авторитетной/нормативной записи 2703786
Идентификатор авторитетной/нормативной записи RU\NLR\AUTH\6601768607
606 1# - НАИМЕНОВАНИЕ ТЕМЫ КАК ПРЕДМЕТ
Наименование темы Тутовое дерево
Формальный подзаголовок Каталоги
Тематический подзаголовок Генофонд
Системный номер авторитетной/нормативной записи 2703787
Идентификатор авторитетной/нормативной записи RU\NLR\AUTH\6601768608
686 1# - ИНДЕКСЫ ДРУГИХ КЛАССИФИКАЦИЙ
Индекс П1е(2)л2
686 1# - ИНДЕКСЫ ДРУГИХ КЛАССИФИКАЦИЙ
Индекс П692е(2)л43
686 1# - ИНДЕКСЫ ДРУГИХ КЛАССИФИКАЦИЙ
Индекс П382.9 Тутовое дерево-451я26
700 #1 - ИМЯ ЛИЦА - ПЕРВИЧНАЯ ОТВЕТСТВЕННОСТЬ
Начальный элемент ввода Лейнвебер
Часть имени, кроме начального элемента ввода Е. Ф.
Расширение инициалов личного имени Евдокия Федотовна
701 #1 - ИМЯ ЛИЦА - АЛЬТЕРНАТИВНАЯ ОТВЕТСТВЕННОСТЬ
Начальный элемент ввода Евлагина
Часть имени, кроме начального элемента ввода Е. Г.
Расширение инициалов личного имени Елена Григорьевна
701 #1 - ИМЯ ЛИЦА - АЛЬТЕРНАТИВНАЯ ОТВЕТСТВЕННОСТЬ
Начальный элемент ввода Евлагин
Часть имени, кроме начального элемента ввода В. Г.
Расширение инициалов личного имени Виктор Григорьевич
942 ## - ДОПОЛНИТЕЛЬНЫЕ ЭЛЕМЕНТЫ ЗАПИСИ (АБИС)
Тип экземпляра АБИС Книга
980 ## - КОЛЛЕКЦИЯ
Название коллекции Национальная библиография

Нет доступных экземпляров.